00659nam a2200193Ia 4500008004100000020001800041082001600059100001900075245004900094250000800143260004200151300002300193500001900216600002700235650005000262942000700312952012900319999001700448240925s9999 xx 000 0 und d a9789332518667 a005.453 AHO aAho, Alfrad V. 0aCompilers: Principles, Techniques, and Tools a2nd aNew Delhi:bPearson Educationc,2014. a569p.b0fOriginal aIncludes Index aEngineering Technology aComputer science, information & general works cBK 001040708ETaUITUbUITUd2015-09-14eZ S Book Agencyg977.50l0o005.453 AHOpQ10431r2024-09-25 07:15:42w2024-09-25yBK c12930d12930